| 000 | 01176nam a2200325Ia 4500 | ||
|---|---|---|---|
| 001 | 88436 | ||
| 003 | IT-RoPAU | ||
| 008 | 130308s9999 xx 000 0 und d | ||
| 040 | _aIT-RoPAU | ||
| 040 | _cIT-RoPAU | ||
| 041 | _aITALIANO | ||
| 100 | _aDahmke Mark | ||
| 100 | _gCodice Aut. SPICS: 31576 | ||
| 240 | _aBYTE guide to CP/M-86 (THE) | ||
| 240 | _gCodice Tit. Orig. Spics: T2079 | ||
| 245 | _aCp/M-86 | ||
| 245 | _bEnciclopedia di Informatica-03-Cp/M-86 - Unix | ||
| 250 | _a1a ed. | ||
| 260 | _aMILANO | ||
| 260 | _bEtas Libri | ||
| 260 | _c1987 [1° Ed.:1987 - Ed.Ling.Originale:1987] | ||
| 300 | _a"199 p. (prefazione: no ; testo: 199 [pagine: 25-223])" | ||
| 500 | _aNatura del Cp/M 86 Comandi Residenti Comandi Transitori e Utilities Strumenti del Programmatore Il Bdos e Il Modo in Cui Usarlo Il Bios Sistema Fondamentale di Ingresso/Uscita Come Personalizzare Il Bios Guida rapida al Cp/M 86 Glossario Listato di My Dir Funzioni di I/O di carattere del Disco Messaggi di Errore di Cp/M 86 | ||
| 650 | _aENCICLOPEDIE DI INFORMATICA | ||
| 650 | _eCodice materia Spics: 4201 | ||
| 942 | _cBK | ||
| 957 | _71 | ||
| 999 |
_c46433 _d46433 |
||
| 999 | _bSI | ||
| 999 | _g1 | ||